| 000 | 00803nam a22002777a 4500 | ||
|---|---|---|---|
| 008 | 130618b xxu||||| |||| 00| 0 eng d | ||
| 020 | _a81-88826-02-2 | ||
| 024 | _cAvailable | ||
| 037 | _cAvailable | ||
| 040 |
_aMBSTU LIBRARY _dMBSTU LIBRARY |
||
| 082 |
_222 _a615.19 PUP |
||
| 100 | _aPurohit, S.S. | ||
| 110 | _aH.N. Kakrani and A.K. Saluja. | ||
| 245 | _aPharmaceutical biotechnology. | ||
| 250 | _aStudent ed. | ||
| 260 |
_aIndia _bSarswati Purohit. _c2010 |
||
| 300 |
_a24 cm. _b528 page _f5 _g24 cm. |
||
| 600 | _2Pharmaceutical technology. | ||
| 650 | _2Pharmaceutical technology. | ||
| 700 | _aPurohit, S.S. | ||
| 710 | _aH.N. Kakrani and A.K. Saluja. | ||
| 270 |
_aIndia _bIndia _dIndia |
||
| 365 |
_b784.00 _d784.00 |
||
| 942 |
_2ddc _cBK |
||
| 999 |
_c492 _d492 |
||